[Event "TCh-CAT Gp2 2017"]
[Site "masterchessopen.com Barcelona ESP"]
[Date "2017.01.28"]
[Round "2.1"]
[White "Jobava,Ba"]
[Black "Lopez Martinez,Josep"]
[Result "1-0"]
[WhiteElo "2701"]
[BlackElo "2552"]

1. d4 e6 2. e4 d5 3. Nc3 Bb4 4. Nge2 dxe4 5. a3 Be7 6. Nxe4 Nf6 7. Nxf6+ Bxf6
8. Be3 b6 9. Nf4 Bb7 10. Qg4 g6 11. Bb5+ c6 12. Bc4 Qd6 13. O-O-O Nd7 14. Nxe6
fxe6 15. Bf4 Qe7 16. Rhe1 O-O-O 17. Rxe6 Qf8 18. Rxc6+ {#r} 1-0

[Event "PRO League Atlantic 2017"]
[Site "masterchessopen.com chess.com INT"]
[Date "2017.02.01"]
[Round "4"]
[White "Matros,A"]
[Black "Hambleton,A"]
[Result "0-1"]
[WhiteElo "2442"]
[BlackElo "2441"]

1. e4 e6 2. d4 d5 3. Nc3 Bb4 4. e5 Ne7 5. Bd2 b6 6. Nce2 Bxd2+ 7. Qxd2 c5 8.
c3 a5 9. h4 Ba6 10. h5 h6 11. Nf3 Nbc6 12. a3 a4 13. Nf4 Bxf1 14. Kxf1 Na5 15.
Qe2 Qd7 16. g4 Nc4 17. Nd3 Qb5 18. Re1 O-O-O 19. Nd2 Nc6 20. Nf3 Rhg8 21. Rh4
g5 22. hxg6 Rxg6 23. Kg2 Rdg8 24. Kh3 Kc7 25. Nf4 Qxb2 26. Qxb2 Nxb2 27. Nxg6
Rxg6 28. Re2 Nc4 29. Ra2 Na7 30. Nd2 Nxd2 31. Rxd2 Nb5 32. f4 Nxc3 33. f5 exf5
34. gxf5 Rg5 35. Rxh6 Rxf5 36. dxc5 bxc5 37. e6 fxe6 38. Rxe6 Ne4 39. Re7+ Kc6
40. Rb2 c4 41. Rb8 Kc5 42. Ra7 Rf3+ 43. Kg4 Rxa3 44. Rd8 Kd4 45. Ra5 Nc3 46.
Kf4 Ra1 {#R} 0-1

[Event "PRO League Atlantic 2017"]
[Site "masterchessopen.com chess.com INT"]
[Date "2017.02.01"]
[Round "4"]
[White "Ruiz C,J"]
[Black "Lenderman,A"]
[Result "0-1"]
[WhiteElo "2331"]
[BlackElo "2573"]

1. e4 e6 2. d4 d5 3. Nc3 Bb4 4. e5 b6 5. Qg4 Bf8 6. Bg5 Qd7 7. O-O-O Ne7 8.
Qh3 Ba6 9. Nge2 h6 10. Kb1 Nbc6 11. g4 O-O-O 12. Bc1 Na5 13. Ng3 Bxf1 14. Qxf1
Kb8 15. f4 Nec6 16. Qa6 Be7 17. Nh5 g6 18. Nf6 Bxf6 19. exf6 Nc4 20. Nb5 Nd6
21. Nxd6 cxd6 22. h4 h5 23. g5 Rc8 24. Qe2 Rc7 25. Rh3 Na5 26. Bd2 Nc4 27. Rb3
Rhc8 28. Be1 a5 29. Rc1 Ka7 30. Ka1 Qc6 31. Rc3 Qb5 32. Rb3 Qa6 33. Rc3 b5 34.
Qf3 b4 35. Rb3 Rb7 36. f5 exf5 37. Qxd5 Re8 38. c3 Ne3 39. Qh1 Qd3 40. a3 Qc4
{#R} 0-1

[Event "Gibraltar Masters 2017"]
[Site "masterchessopen.com Caleta ENG"]
[Date "2017.01.30"]
[Round "7.45"]
[White "Steinberg,N"]
[Black "Thavandiran,S"]
[Result "1-0"]
[WhiteElo "2486"]
[BlackElo "2367"]

1. e4 e6 2. d4 d5 3. Nc3 Bb4 4. e5 c5 5. Bd2 Ne7 6. Nb5 Bxd2+ 7. Qxd2 O-O 8.
f4 a6 9. Nd6 cxd4 10. Nf3 Nbc6 11. Bd3 f6 12. O-O fxe5 13. fxe5 Rxf3 14. Rxf3
Nxe5 15. Rh3 N7g6 16. Bxg6 Nxg6 17. Nxc8 Rxc8 18. Rf1 e5 19. Rb3 Qd7 20. Qg5
b5 21. Rbf3 Qe6 22. Rg3 Qe7 23. h4 Qxg5 24. Rxg5 Rxc2 25. h5 Nf4 26. Rxe5
Rxg2+ 27. Kh1 Rg4 28. Rf5 g5 29. hxg6 Nxg6 30. Rxd5 Nf4 31. Rf5 Ne2 32. Kh2
Kg7 33. R1f3 Nc1 34. Rf7+ Kg8 35. Rc7 Nxa2 36. Rff7 d3 37. Rfd7 Rc4 38. Rd8#
1-0

[Event "22nd HIT Open 2017"]
[Site "masterchessopen.com Nova Gorica SLO"]
[Date "2017.02.02"]
[Round "9.12"]
[White "Kersic,M"]
[Black "Racnik,Tone"]
[Result "1-0"]
[WhiteElo "2174"]
[BlackElo "2058"]

1. e4 e6 2. d4 d5 3. Nc3 Bb4 4. e5 c5 5. Bd2 Ne7 6. Nf3 Bd7 7. Nb5 Bxb5 8.
Bxb5+ Nbc6 9. c3 Ba5 10. dxc5 O-O 11. Bg5 f6 12. exf6 gxf6 13. Bd2 Ng6 14. O-O
Qe7 15. b4 Bc7 16. Bh6 Rf7 17. Re1 Rd8 18. Bxc6 bxc6 19. Nd4 Rc8 20. Nxe6 Be5
21. Nd4 Qc7 22. g3 f5 23. f4 Bf6 24. Qd3 Qd7 25. Re3 Ne7 26. Rae1 Ra8 27. a4
a6 28. Re6 Rc8 29. Qxa6 {#r} 1-0

[Event "25th Fajr Open 2017"]
[Site "masterchessopen.com Sareyn IRI"]
[Date "2017.02.04"]
[Round "11.7"]
[White "Simonian,H"]
[Black "Mousavi,Se"]
[Result "0-1"]
[WhiteElo "2445"]
[BlackElo "2422"]

1. e4 e6 2. d4 d5 3. Nc3 Bb4 4. e5 c5 5. Bd2 Ne7 6. Nb5 Bxd2+ 7. Qxd2 O-O 8.
dxc5 Nd7 9. Qc3 a6 10. Nd6 b6 11. cxb6 Qxb6 12. Nf3 Ng6 13. Bd3 Ngxe5 14. Nxe5
Qxd6 15. f4 f6 16. Qc6 Qb4+ 17. c3 Nxe5 18. fxe5 Qxb2 19. Rb1 Bd7 20. Qxd7
Qxc3+ 21. Ke2 Qxe5+ 22. Kf3 Kh8 23. g3 f5 24. Qa4 f4 25. gxf4 {#R} 0-1

[Event "PRO League Atlantic 2017"]
[Site "masterchessopen.com chess.com INT"]
[Date "2017.02.01"]
[Round "4"]
[White "Dominguez Perez,L"]
[Black "Shen,Christopher Y"]
[Result "1-0"]
[WhiteElo "2739"]
[BlackElo "2165"]

1. e4 e6 2. d4 d5 3. Nc3 Bb4 4. e5 c5 5. dxc5 Bxc5 6. Qg4 Ne7 7. Qxg7 Rg8 8.
Qxh7 Qb6 9. Nd1 Nbc6 10. Nf3 Bd7 11. c3 a5 12. Qc2 Ng6 13. Be3 Ngxe5 14. Nxe5
Nxe5 15. Bxc5 Qxc5 16. Ne3 Rc8 17. Rd1 Ng4 18. Qh7 Nf6 19. Qh4 Ne4 20. Bd3 Bc6
21. Bxe4 dxe4 22. Ng4 Rxg4 23. Qxg4 e3 24. O-O e2 25. Qxe2 Bb5 26. Qd2 Bxf1
27. Kxf1 Qb5+ 28. Kg1 Qc6 29. h4 Ke7 30. Qg5+ Ke8 31. h5 Qa4 32. Rd4 Qc6 33.
h6 {#r} 1-0

[Event "Gibraltar Masters 2017"]
[Site "masterchessopen.com Caleta ENG"]
[Date "2017.02.02"]
[Round "10.8"]
[White "Sutovsky,E"]
[Black "Kovalenko,I"]
[Result "1-0"]
[WhiteElo "2628"]
[BlackElo "2684"]

1. e4 e6 2. d4 d5 3. Nc3 Bb4 4. e5 c5 5. a3 Bxc3+ 6. bxc3 Ne7 7. Qg4 cxd4 8.
Qxg7 Rg8 9. Qxh7 Qc7 10. Ne2 Nbc6 11. f4 dxc3 12. h4 Bd7 13. h5 O-O-O 14. Qd3
d4 15. h6 Be8 16. Rb1 Nd5 17. Nxd4 Nxf4 18. Bxf4 Rxd4 19. Qe3 f5 20. Bd3 Ra4
21. Rh3 Qh7 22. Rb3 Rxg2 23. Rg3 Rxf4 24. Rxg2 Qxh6 25. Rxc3 Kd8 26. Kd1 Ke7
27. Kc1 Nxe5 28. Qc5+ Kf6 29. Kb2 Bc6 30. Re2 Nxd3+ 31. Rxd3 Kf7 32. c3 Rf1
33. Rd8 Be4 34. Red2 Rb1+ 35. Ka2 Qh1 36. Rf8+ Kg6 37. Rg8+ Kh7 38. Qe7+ {#r}
1-0

[Event "Gibraltar Masters 2017"]
[Site "masterchessopen.com Caleta ENG"]
[Date "2017.02.02"]
[Round "10.25"]
[White "Maze,S"]
[Black "Ider,B"]
[Result "1-0"]
[WhiteElo "2613"]
[BlackElo "2463"]

1. e4 e6 2. d4 d5 3. Nc3 Bb4 4. e5 c5 5. a3 Bxc3+ 6. bxc3 Ne7 7. h4 Qa5 8. Bd2
Qa4 9. h5 h6 10. Nf3 Nbc6 11. Rh4 c4 12. g3 Bd7 13. Bh3 O-O-O 14. Kf1 Rdf8 15.
Kg2 Nf5 16. Bxf5 exf5 17. Ng1 Nd8 18. Ne2 Ne6 19. Qc1 Rfg8 20. Qb2 g5 21. hxg6
fxg6 22. Rxh6 Rxh6 23. Bxh6 Qc6 24. Rh1 f4 25. gxf4 g5 26. Bxg5 Nxg5 27. fxg5
Qg6 28. Ng3 Bf5 29. Qc1 Be4+ 30. f3 Bxc2 31. Qe3 {#r} 1-0

[Event "13th Moscow Open A 2017"]
[Site "masterchessopen.com Moscow RUS"]
[Date "2017.02.05"]
[Round "9.10"]
[White "Gusain,H"]
[Black "Stupak,K"]
[Result "1-0"]
[WhiteElo "2453"]
[BlackElo "2562"]

1. e4 e6 2. d4 d5 3. Nc3 Bb4 4. e5 c5 5. a3 Bxc3+ 6. bxc3 Qa5 7. Bd2 Qa4 8.
Qg4 Kf8 9. Qd1 b6 10. c4 Ba6 11. dxc5 Bxc4 12. cxb6 Nc6 13. bxa7 Nxe5 14. Bb4+
Ne7 15. Bxc4 Nxc4 16. Nf3 Qxa7 17. O-O f6 18. Nd4 Kf7 19. Re1 e5 20. Nf5 Nxf5
21. Qxd5+ Kg6 22. Qxc4 Qd4 23. Qe2 Rhc8 24. c3 Qc4 25. Qc2 h5 26. Re4 Qe6 27.
f4 Rc4 28. fxe5 Qb6+ 29. Kh1 Qxb4 30. Rf4 Kh6 31. Qc1 Rxc3 32. axb4 {#r} 1-0

[Event "Portugal Open 2017"]
[Site "masterchessopen.com Lisbon POR"]
[Date "2017.02.05"]
[Round "4.15"]
[White "Sousa,Andre Ventura"]
[Black "Pires,E"]
[Result "1-0"]
[WhiteElo "2380"]
[BlackElo "2128"]

1. e4 e6 2. d4 d5 3. Nc3 Bb4 4. e5 c5 5. a3 Bxc3+ 6. bxc3 Ne7 7. Qg4 Qc7 8.
Bd3 cxd4 9. Ne2 Nbc6 10. cxd4 Bd7 11. O-O g6 12. Bg5 O-O-O 13. Rfc1 Kb8 14.
Qh4 Rde8 15. Bf6 Rhf8 16. c4 Qa5 17. Bg5 h5 18. cxd5 Nxd5 19. Rc5 Qc7 20. Ng3
Ka8 21. Ne4 Rb8 22. Rac1 a6 23. h3 b5 24. Nc3 Nxc3 25. R1xc3 Rb6 26. Be4 Rc8
27. Be7 Be8 28. Bd6 Qd7 29. Rxc6 Rbxc6 30. Rxc6 Qxc6 31. Bxc6+ Bxc6 32. Qe7
Be8 33. Bc5 {#r} 1-0

[Event "TCh-HUN 2016-17"]
[Site "masterchessopen.com Hungary HUN"]
[Date "2017.01.29"]
[Round "5.6"]
[White "Farkas,Ti"]
[Black "Farago,I"]
[Result "0-1"]
[WhiteElo "2279"]
[BlackElo "2410"]

1. e4 e6 2. d4 d5 3. Nc3 Bb4 4. e5 c5 5. a3 Bxc3+ 6. bxc3 Ne7 7. Qg4 O-O 8.
Bd3 f5 9. exf6 Rxf6 10. Bg5 Rf7 11. Qh4 h6 12. Bxe7 Rxe7 13. Nf3 e5 14. dxe5
Rxe5+ 15. Kd2 Qxh4 16. Nxh4 Nc6 17. Rhe1 Bd7 18. Rxe5 Nxe5 19. Re1 Re8 20. Ng6
Nxg6 21. Bxg6 Rf8 22. Re7 Rxf2+ 23. Ke3 Rf6 24. Rxd7 Rxg6 25. g3 Ra6 26. Rxb7
Rxa3 27. Kd2 Ra1 28. Rc7 Rh1 29. Rxc5 Rxh2+ 30. Kd3 Rg2 31. Rxd5 Rxg3+ 32. Kd4
Rg4+ 33. Kd3 Rg5 34. Rd7 a5 35. c4 h5 36. Kd4 h4 37. c5 h3 38. c6 h2 39. c7
h1=Q 40. c8=Q+ Kh7 41. Rd8 Qh4+ 42. Kd3 Rg3+ 43. Kd2 Qf4+ 44. Kd1 Rg1+ 45. Ke2
Rg2+ 46. Kd3 Rd2+ {#R} 0-1

[Event "Gibraltar Masters 2017"]
[Site "masterchessopen.com Caleta ENG"]
[Date "2017.01.30"]
[Round "7.53"]
[White "Gulamali,K"]
[Black "Kaidanov,G"]
[Result "0-1"]
[WhiteElo "2341"]
[BlackElo "2572"]

1. e4 e5 2. Nc3 Nf6 3. g3 c6 4. Nf3 d5 5. exd5 e4 6. Nd4 Qb6 7. Nb3 cxd5 8. d3
Bb4 9. Be3 Bxc3+ 10. bxc3 Qc7 11. Bd4 Bg4 12. Be2 Bxe2 13. Qxe2 Nbd7 14. f3
O-O 15. fxe4 dxe4 16. O-O Rfe8 17. Qg2 Re6 18. Rae1 Rae8 19. Nd2 Qc6 20. Nc4
a6 21. Ne3 exd3 22. cxd3 Ng4 23. Qd2 Nxe3 24. Rxe3 Rxe3 25. Bxe3 Ne5 26. Qf2
f6 27. Bd4 Nxd3 {#R} 0-1

[Event "Portugal Open 2017"]
[Site "masterchessopen.com Lisbon POR"]
[Date "2017.02.05"]
[Round "4.9"]
[White "Arda,Cagil Irmak"]
[Black "Campora,D"]
[Result "0-1"]
[WhiteElo "2021"]
[BlackElo "2450"]

1. e4 e5 2. Nc3 Nf6 3. g3 Bb4 4. Nge2 d6 5. Bg2 Nc6 6. d3 Bg4 7. h3 Bxe2 8.
Qxe2 Nd4 9. Qd1 c6 10. O-O Ba5 11. Ne2 Bb6 12. c3 Ne6 13. Kh2 h5 14. d4 h4 15.
g4 g5 16. d5 Nf4 17. Bxf4 gxf4 18. dxc6 bxc6 19. Qa4 Rc8 20. Rad1 Qe7 21. b4
O-O 22. Qc2 Nh7 23. Ng1 Ng5 24. Nf3 Nxf3+ 25. Bxf3 f6 26. Qe2 Kg7 27. Rg1 Kh6
28. Rg2 Kg5 29. Qa6 c5 30. b5 c4 31. Be2 Rc5 32. a4 Qc7 33. a5 Bxa5 34. Rxd6
Bb6 35. Rd1 Rd8 36. Rgg1 Rd7 37. Qa4 Qd8 38. Bxc4 Rcc7 39. Be6 Bxf2 40. Rxd7
Rxd7 41. Bxd7 Bxg1+ 42. Kxg1 Qxd7 43. Qa2 Qd1+ 44. Kf2 f3 45. c4 Kf4 46. c5
Qd4+ 47. Kf1 Kg3 48. c6 Qd1# 0-1

[Event "13th Moscow Open A 2017"]
[Site "masterchessopen.com Moscow RUS"]
[Date "2017.02.04"]
[Round "8.5"]
[White "Chigaev,M"]
[Black "Vavulin,M"]
[Result "0-1"]
[WhiteElo "2531"]
[BlackElo "2604"]

1. e4 e5 2. Bc4 Nf6 3. d3 Nc6 4. Nc3 Na5 5. Nge2 Be7 6. O-O O-O 7. a4 Nxc4 8.
dxc4 d6 9. b3 c6 10. Ba3 Qc7 11. Qd3 Rd8 12. Ng3 Bf8 13. Rfd1 Be6 14. h3 h6
15. Qf3 Nh7 16. Qe3 Nf6 17. Qf3 Qa5 18. Bb2 d5 19. cxd5 cxd5 20. exd5 Nxd5 21.
Nxd5 Bxd5 22. Qe2 f6 23. Qb5 Bb4 24. c3 Bxc3 25. Bxc3 Qxc3 26. Nf5 Be6 27.
Rdc1 Qd3 28. Ne7+ Kf7 29. Qxb7 Qxb3 30. Qxb3 Bxb3 31. Rc7 Ke6 32. Rb1 Bxa4 33.
f4 Rd7 {#R} 0-1

[Event "Turkish Cup 2017"]
[Site "masterchessopen.com Antalya TUR"]
[Date "2017.02.02"]
[Round "8.9"]
[White "Kilic,Efe Mert"]
[Black "Yazici,Ugur Doga"]
[Result "1-0"]
[WhiteElo "2202"]
[BlackElo "2094"]

1. e4 e5 2. f4 d5 3. exd5 exf4 4. Nf3 Nf6 5. c4 c6 6. d4 cxd5 7. c5 Be7 8. Bd3
Nc6 9. O-O Bg4 10. Bc2 Ne4 11. Kh1 O-O 12. Nc3 Bf5 13. Bxf4 Bf6 14. Nb5 a6 15.
Nd6 Nxd6 16. Bxd6 Bxc2 17. Qxc2 Re8 18. Qb3 Qd7 19. Qxd5 Re2 20. Qc4 Re4 21.
Rad1 Rae8 22. Rd2 Nxd4 23. Nxd4 Qg4 24. Rxf6 gxf6 25. h3 Re1+ 26. Kh2 Qe4 27.
Qd3 Qg6 28. Qf5 R1e4 29. Rd3 Kh8 30. Rg3 Qxf5 31. Nxf5 Rg8 32. Rb3 Re2 33. Ng3
Rc2 34. Rxb7 h5 35. Rb4 a5 36. Rh4 Rxb2 37. Rxh5+ Kg7 38. Rh4 Rf2 39. c6 f5
40. Rf4 Rxf4 41. Bxf4 Kf6 42. a4 Ke6 43. c7 {#r} 1-0

[Event "Gibraltar Masters 2017"]
[Site "masterchessopen.com Caleta ENG"]
[Date "2017.01.31"]
[Round "8.77"]
[White "Osuna Vega,E"]
[Black "Perez Garcia,Alejandro"]
[Result "0-1"]
[WhiteElo "2181"]
[BlackElo "2398"]

1. e4 e5 2. Nf3 d6 3. Bc4 Be7 4. O-O Nf6 5. d3 O-O 6. c3 c6 7. Bb3 Nbd7 8. Re1
b5 9. Nbd2 a5 10. a3 Qc7 11. Nf1 h6 12. Ng3 Re8 13. Nf5 Bf8 14. g4 Nc5 15. Ba2
Bxf5 16. gxf5 d5 17. Bb1 Rad8 18. Qe2 Nb3 19. Ra2 Nxc1 20. Rxc1 Bc5 21. Nh4
Rd7 22. b4 Ba7 23. a4 bxa4 24. Rxa4 Qd8 25. Nf3 dxe4 26. dxe4 Ng4 27. Rxa5
Nxf2 28. Kg2 Bb6 29. Ra6 Ng4 30. Ba2 Rd3 31. h3 Ne3+ 32. Kh2 Nxf5 33. c4 Re3
34. Qg2 Rxf3 35. Qxf3 Qd2+ 36. Qg2 Qf4+ 37. Kh1 Qxc1+ 38. Kh2 Qf4+ {#R} 0-1

[Event "Gibraltar Masters 2017"]
[Site "masterchessopen.com Caleta ENG"]
[Date "2017.02.01"]
[Round "9.64"]
[White "Guerra Rivera,Salvador"]
[Black "Sanchez Jerez,E"]
[Result "0-1"]
[WhiteElo "2389"]
[BlackElo "2257"]

1. e4 d6 2. d4 e5 3. Nf3 exd4 4. Nxd4 Nf6 5. Nc3 Be7 6. g3 O-O 7. Bg2 Nc6 8.
O-O Nxd4 9. Qxd4 c6 10. Bf4 Bg4 11. h3 Be6 12. Rad1 Qc8 13. g4 Rd8 14. Rfe1 b5
15. Nd5 cxd5 16. exd5 Nxd5 17. Bxd5 Bf6 18. Bxe6 fxe6 19. Qe4 e5 20. Bg3 Qe6
21. Rd5 Rac8 22. Red1 h5 23. b3 Rc3 24. Rxb5 Qc8 25. Rbd5 h4 26. Bh2 Rxc2 27.
Rxd6 Rf8 28. Bxe5 Qc5 29. Rxf6 Rxf6 30. Rd8+ Kf7 31. Rd7+ Kf8 32. Bd4 Rc1+ 33.
Kh2 Rxf2+ 34. Bxf2 Qxf2+ 35. Qg2 Qf4+ {#R} 0-1

[Event "PRO League Pacific 2017"]
[Site "masterchessopen.com chess.com INT"]
[Date "2017.02.01"]
[Round "4"]
[White "Durarbayli,V"]
[Black "Xu,Grant Y"]
[Result "1-0"]
[WhiteElo "2616"]
[BlackElo "2193"]

1. e4 d6 2. d4 Nf6 3. Nc3 e5 4. Nf3 Nbd7 5. Bc4 Be7 6. O-O O-O 7. a4 a6 8. Re1
b6 9. d5 Bb7 10. b3 c6 11. dxc6 Bxc6 12. Ba3 Qc7 13. Qe2 Qb7 14. Bb4 Nc5 15.
Bxc5 bxc5 16. Rad1 Qb4 17. Rd3 Bd8 18. Red1 Bc7 19. Nd2 Qb7 20. Nd5 Bd8 21.
Nxf6+ Bxf6 22. Bd5 Be7 23. Nc4 Bxd5 24. Rxd5 f5 25. exf5 Rxf5 26. Rxd6 Bxd6
27. Nxd6 Qd7 28. Nxf5 Qxf5 29. Rd5 Re8 30. Rxc5 Qf4 31. g3 Qc1+ 32. Kg2 e4 33.
Qc4+ {#r} 1-0

[Event "TCh-HUN 2016-17"]
[Site "masterchessopen.com Hungary HUN"]
[Date "2017.01.29"]
[Round "5.4"]
[White "Vetoshko,V"]
[Black "Czebe,A"]
[Result "1-0"]
[WhiteElo "2485"]
[BlackElo "2473"]

1. e4 d6 2. d4 Nf6 3. Nc3 e5 4. Nf3 Nbd7 5. Bc4 Be7 6. O-O O-O 7. Re1 c6 8. a4
h6 9. h3 Qc7 10. a5 Rb8 11. Bf1 b5 12. axb6 axb6 13. d5 Bb7 14. Nh4 Ra8 15.
Rxa8 Rxa8 16. Nf5 Bf8 17. dxc6 Bxc6 18. Qf3 Qb7 19. b4 b5 20. Qd3 Rd8 21. Nxd6
Qb8 22. Nf5 Kh7 23. Nd5 Bxd5 24. exd5 g6 25. Ne3 Bxb4 26. Rd1 Qd6 27. Qxb5 Ne4
28. Qc6 Qe7 29. d6 Qh4 30. g3 Nxg3 31. fxg3 Qxg3+ 32. Qg2 Qxg2+ 33. Kxg2 Nb6
34. Nc4 Nxc4 35. Bxc4 Rxd6 36. Rxd6 Bxd6 37. Bxf7 Kg7 38. Bd5 g5 39. Be3 Kf6
40. Kf3 {#r} 1-0

[Event "Gibraltar Masters 2017"]
[Site "masterchessopen.com Caleta ENG"]
[Date "2017.01.31"]
[Round "8.19"]
[White "Steinberg,N"]
[Black "Zvjaginsev,V"]
[Result "1-0"]
[WhiteElo "2486"]
[BlackElo "2679"]

1. e4 e5 2. Nf3 Nf6 3. Nxe5 d6 4. Nf3 Nxe4 5. Nc3 Nf6 6. d4 Be7 7. Bd3 O-O 8.
O-O Re8 9. Re1 Bg4 10. h3 Bh5 11. g4 Bg6 12. Bxg6 hxg6 13. d5 c6 14. Bf4 Na6
15. Qd2 Qd7 16. Bg3 Rac8 17. Rad1 c5 18. Ng5 Nc7 19. Qf4 Bf8 20. Nge4 Nxe4 21.
Nxe4 b5 22. Re3 Na8 23. Nxd6 Rxe3 24. fxe3 Bxd6 25. Qxd6 Qxd6 26. Bxd6 Nb6 27.
e4 f6 28. Kf2 Kf7 29. Kf3 Nc4 30. Bg3 Rh8 31. b3 Nb6 32. h4 Nd7 33. a4 b4 34.
c3 Rc8 35. c4 Rh8 36. Re1 Re8 37. Bd6 a6 38. Re3 Kg8 39. Kf4 Kf7 40. e5 fxe5+
41. Bxe5 g5+ 42. hxg5 Kg6 43. Bb2 Rxe3 44. Kxe3 Kf7 45. Ke4 g6 46. Bf6 Ke8 47.
d6 Nb6 48. a5 Nc8 49. Kd5 Kd7 50. Be7 {#r} 1-0

[Event "22nd HIT Open 2017"]
[Site "masterchessopen.com Nova Gorica SLO"]
[Date "2017.02.02"]
[Round "9.17"]
[White "Berke,A"]
[Black "Pirs,M2"]
[Result "1-0"]
[WhiteElo "2195"]
[BlackElo "2024"]

1. e4 e5 2. Nf3 Nf6 3. Nxe5 d6 4. Nf3 Nxe4 5. d4 d5 6. Bd3 Nc6 7. O-O Bg4 8.
c4 Nf6 9. Re1+ Be7 10. cxd5 Nxd5 11. Nc3 Be6 12. h4 h6 13. a3 Nxc3 14. bxc3
Qd7 15. Rb1 O-O-O 16. Qa4 Bd5 17. Bf4 Qg4 18. Bg3 Bd6 19. c4 Bxf3 20. gxf3
Qxf3 21. Be4 Qf6 22. Qb5 Nxd4 23. Bxb7+ Kb8 24. Qa6 Bb4 25. Rxb4 Qxa6 26.
Bxa6+ Ka8 27. Bxc7 {#r} 1-0

[Event "PRO League Eastern 2017"]
[Site "masterchessopen.com chess.com INT"]
[Date "2017.02.01"]
[Round "4"]
[White "Pon,M"]
[Black "Jeran,B"]
[Result "1-0"]
[WhiteElo "2165"]
[BlackElo "2236"]

1. e4 e5 2. Nf3 Nf6 3. d3 Nc6 4. Be2 d5 5. Nbd2 Bc5 6. O-O O-O 7. c3 a5 8. Nb3
Bb6 9. Bg5 dxe4 10. Bxf6 Qxf6 11. dxe4 Bg4 12. Qc2 Bh5 13. Rad1 Rad8 14. Nbd2
g5 15. Nc4 Bc5 16. Ne3 Bxe3 17. fxe3 Qe7 18. Bc4 Bg6 19. Bd5 g4 20. Ne1 Qg5
21. Qe2 Kg7 22. Nd3 Ne7 23. Bxb7 c6 24. Nc5 h5 25. Nd7 Rfe8 26. Rd6 Ng8 27.
Bxc6 Re7 28. Rfd1 h4 29. g3 f5 30. Nc5 Rxd6 31. Rxd6 Bf7 32. exf5 Qxf5 33. Bd7
Rxd7 34. Rxd7 Nf6 35. e4 Qg6 36. Ne6+ Kh6 37. Qe3+ Kh5 38. Rxf7 {#r} 1-0

[Event "TCh-CAT Gp1 2017"]
[Site "masterchessopen.com Barcelona ESP"]
[Date "2017.01.28"]
[Round "2.6"]
[White "Castellano Egea,E"]
[Black "Mundet Riera,Ja"]
[Result "1-0"]
[WhiteElo "2185"]
[BlackElo "2117"]

1. e4 e5 2. Nf3 Nc6 3. c3 Nf6 4. d4 Nxe4 5. d5 Ne7 6. Nxe5 Ng6 7. Qe2 Qe7 8.
Qxe4 Qxe5 9. Qxe5+ Nxe5 10. Bf4 d6 11. Na3 a6 12. O-O-O g6 13. h3 Bg7 14. Bg5
h6 15. Bh4 g5 16. Bg3 b5 17. f4 gxf4 18. Bxf4 Bf5 19. Nc2 O-O 20. Ne3 Be4 21.
Ng4 Kh7 22. Nf2 f5 23. Nxe4 fxe4 24. Bxe5 Bxe5 25. Re1 e3 26. Kb1 Rf2 27. Rxe3
b4 28. Bd3+ Kg8 29. Re2 Raf8 30. cxb4 Rxe2 31. Bxe2 Rf2 32. Re1 Rxg2 33. a3
Bg3 34. Bf1 Rh2 35. Re8+ Kf7 36. Rc8 Rh1 37. Rxc7+ Kf6 38. Rc1 Bf4 39. Re1 Be5
40. Kc2 Rh2+ 41. Re2 {#r} 1-0

[Event "13th Moscow Open A 2017"]
[Site "masterchessopen.com Moscow RUS"]
[Date "2017.01.31"]
[Round "4.3"]
[White "Lomasov,Semen"]
[Black "Ivanov,Ol UKR"]
[Result "1-0"]
[WhiteElo "2441"]
[BlackElo "2482"]

1. e4 e5 2. Nf3 Nc6 3. d4 exd4 4. Nxd4 Bb4+ 5. c3 Bc5 6. Be3 Bb6 7. Bc4 Nf6 8.
Nxc6 bxc6 9. e5 Ne4 10. Qg4 Bxe3 11. Qxe4 Bh6 12. O-O O-O 13. Na3 Rb8 14. Bb3
c5 15. Rad1 Bb7 16. Qf5 Bc8 17. Qh5 Qg5 18. Qxg5 Bxg5 19. f4 Be7 20. Nc4 Rd8
21. Ne3 c4 22. Nxc4 Ba6 23. Rd4 d6 24. exd6 Bxd6 25. Rfd1 Bxc4 26. Bxc4 Re8
27. g3 Re3 28. Kf1 h5 29. Re1 Rxe1+ 30. Kxe1 h4 31. Kf2 hxg3+ 32. hxg3 Kf8 33.
b3 Bc5 34. Kf3 Re8 35. Rd3 Bb6 36. a4 Ke7 37. Rd5 c5 38. Re5+ Kf8 39. Rf5 Re3+
40. Kg4 f6 41. a5 Bd8 42. Rxc5 Rxc3 43. Rc6 Bxa5 44. Rc8+ Ke7 {#r} 1-0

[Event "4th Floripa Masters 2017"]
[Site "masterchessopen.com Florianopolis BRA"]
[Date "2017.01.29"]
[Round "4.1"]
[White "Cubas,Jo"]
[Black "Trois,F"]
[Result "1-0"]
[WhiteElo "2469"]
[BlackElo "2218"]

1. e4 e5 2. Nf3 Nc6 3. d4 exd4 4. Nxd4 Bc5 5. Be3 Qf6 6. c3 Nge7 7. Bc4 Ne5 8.
Bb3 d5 9. exd5 Qg6 10. Rg1 O-O 11. Nd2 Nf5 12. N2f3 Nxf3+ 13. Qxf3 Nxd4 14.
Bxd4 Bxd4 15. cxd4 Bg4 16. Qg3 Rfe8+ 17. Kd2 Re4 18. Rae1 Rxd4+ 19. Kc1 Qg5+
20. Qe3 Qxe3+ 21. Rxe3 h5 {#r} 1-0

[Event "22nd HIT Open 2017"]
[Site "masterchessopen.com Nova Gorica SLO"]
[Date "2017.02.02"]
[Round "9.10"]
[White "Ceschia,I"]
[Black "Debevec,B"]
[Result "0-1"]
[WhiteElo "2257"]
[BlackElo "2180"]

1. e4 e5 2. Nf3 Nc6 3. d4 exd4 4. Nxd4 Bc5 5. Nb3 Bb6 6. Nc3 Qf6 7. Qe2 Nge7
8. Be3 d6 9. O-O-O O-O 10. g3 Re8 11. Bg2 Be6 12. Kb1 Qg6 13. f4 f5 14. Bxb6
axb6 15. Nd5 Rac8 16. Rhe1 Qf7 17. Nxe7+ Rxe7 18. exf5 Bxb3 19. axb3 Rxe2 20.
Rxe2 Kf8 21. Bd5 Qh5 22. Rde1 Ra8 23. h3 Qxf5 24. Be4 Qa5 25. c3 Re8 {#R} 0-1

[Event "Gibraltar Masters 2017"]
[Site "masterchessopen.com Caleta ENG"]
[Date "2017.01.30"]
[Round "7.57"]
[White "Bergstrom,R"]
[Black "Khademalsharieh,S"]
[Result "0-1"]
[WhiteElo "2268"]
[BlackElo "2452"]

1. e4 e5 2. Nf3 Nc6 3. Nc3 Nf6 4. a3 d5 5. Bb5 d4 6. Ne2 Nxe4 7. d3 Nf6 8.
Nxe5 Qd5 9. Nxc6 bxc6 10. Bc4 Qxg2 11. Rg1 Qxh2 12. Bf4 Qh4 13. Qd2 Nd5 14.
Bg5 Qh3 15. O-O-O f6 16. Rde1 Kf7 17. Nxd4 Bc5 18. Nxc6 Be6 19. Bf4 Qf5 20.
Bg3 Rhe8 21. Re4 Nb6 22. Bxe6+ Rxe6 23. Qa5 Rxc6 24. d4 Qxe4 {#R} 0-1

[Event "Portugal Open 2017"]
[Site "masterchessopen.com Lisbon POR"]
[Date "2017.02.04"]
[Round "2.12"]
[White "Guerreiro,N"]
[Black "Maiorov,N1"]
[Result "0-1"]
[WhiteElo "2157"]
[BlackElo "2511"]

1. e4 e5 2. Nf3 Nc6 3. Nc3 Nf6 4. d4 exd4 5. Nxd4 Bb4 6. Nxc6 bxc6 7. Bd3 O-O
8. O-O Re8 9. Qf3 Rb8 10. Bg5 Bd6 11. Ne2 Rxb2 12. Nd4 h6 13. Bd2 Be5 14. Nf5
d6 15. Rab1 Bxf5 16. exf5 Rxb1 17. Rxb1 Qd7 18. Rb7 Bd4 19. a4 d5 20. Qf4 Ne4
21. Bxe4 Rxe4 22. Rb8+ Kh7 23. Qf3 Qe7 24. Kf1 Bf6 25. a5 Qc5 26. Qd3 Ra4 27.
g3 Ra2 28. Qe2 Ra1+ 29. Kg2 Qxc2 30. Qe8 Qe4+ 31. Qxe4 dxe4 32. Rb7 Bd4 33.
Rxc7 Ra2 34. Bf4 Rxf2+ 35. Kh3 Ra2 36. Rxf7 e3 37. Re7 e2 38. g4 Bc5 39. Re6
{#R} 0-1